| 000 | 02268cam a2200541Li 4500 | ||
|---|---|---|---|
| 001 | ocn494885607 | ||
| 003 | TZ-ArACH | ||
| 005 | 20150327125758.0 | ||
| 008 | 090223s2008 fr f b 000 0 fre d | ||
| 020 | _a9782802726265 (br) | ||
| 020 | _a2802726269 (br) | ||
| 035 | _a(OCoLC)494885607 | ||
| 040 |
_aZWZ _encafnor _bfre _cTZ-ArACH _dLVB _dUQ1 _dBEDGE |
||
| 041 | _aFre | ||
| 049 | _aTZAA | ||
| 050 | 0 | 0 |
_aHV640 _b.B63 |
| 100 | 1 |
_aBodart, Serge _d(1958-....) _914977 |
|
| 245 | 1 | 3 |
_aProtection internationale des réfugiés en Belgique _h[Texte imprimé] / _cSerge Bodart. |
| 260 |
_aBruxelles : _bBruylant, _c2008. |
||
| 300 |
_axx. (XX347 p.) ; _c24 cm. |
||
| 504 | _aBibliogr. p. [341]-347. | ||
| 650 | 7 |
_aRéfugiés _xStatut juridique _zBelgique. _2ram _914978 |
|
| 650 | 7 |
_aRéfugiés _xProtection, assistance, etc. _zBelgique. _2ram _914979 |
|
| 650 | 7 |
_aDroit d'asile _zBelgique. _2ram _914980 |
|
| 650 | 6 |
_aRéfugiés _zBelgique. _914981 |
|
| 650 | 6 |
_aRefugees _zBelgium _914999 |
|
| 650 | 6 |
_aDroit d'asile _zBelgique. _914982 |
|
| 650 | 6 |
_aRéfugiés _xDroit _zBelgique. _914983 |
|
| 650 | 1 | 7 |
_aAssistance aux réfugiés. _2rasuqam _914984 |
| 650 | 7 |
_aDroit d'asile. _2rasuqam _914985 |
|
| 650 | 7 |
_aDroit international. _2rasuqam _914986 |
|
| 650 | 7 |
_aDroit interne. _2rasuqam _914987 |
|
| 650 | 7 |
_aJurisprudence. _2rasuqam _914988 |
|
| 650 | 7 |
_aProtection juridique. _2rasuqam _914989 |
|
| 650 | 1 | 7 |
_aRéfugié. _2rasuqam _914990 |
| 650 | 7 |
_aStatut juridique. _2rasuqam _914991 |
|
| 650 | 7 |
_aRéfugiés. _2eclas _914992 |
|
| 650 | 7 |
_aDroit international. _2eclas _914993 |
|
| 650 | 7 |
_aDroit d'asile. _2eclas _914994 |
|
| 650 | 7 |
_aProtection juridique. _2eclas _914995 |
|
| 651 | 6 |
_aBelgique _xÉmigration et immigration _xPolitique gouvernementale. _914996 |
|
| 651 | 7 |
_aBelgique. _2rasuqam _914997 |
|
| 651 | 7 |
_aBelgique. _2eclas _914998 |
|
| 942 |
_2lcc _cBOOK |
||
| 999 |
_c2989 _d2989 |
||